[Event "70grN-25"]
[Site "Hotell Maritim Skjervøy"]
[Date "2025.10.25"]
[Round "3"]
[White "Solbu, August"]
[Black "Hansen, Torbjørn R."]
[Result "0-1"]
[WhiteElo "1917"]
[BlackElo "2411"]
[PlyCount "100"]
[EventDate "2025.??.??"]

1. e4 Nc6 2. d4 d5 3. exd5 Qxd5 4. Nf3 Bg4 5. Be2 O-O-O 6. Be3 e5 7. dxe5 Qxd1+
8. Bxd1 Nxe5 9. Nbd2 Nxf3+ 10. Bxf3 Nf6 11. O-O-O Bd6 12. h3 Be6 13. Nb3 a6 14.
Nc5 Bxc5 15. Rxd8+ Rxd8 16. Bxc5 Bd5 17. Be7 Rg8 18. Bxd5 Nxd5 19. Bg5 f6 20.
Bd2 b5 21. Re1 Kd7 22. Re4 Re8 23. Rxe8 Kxe8 24. Kd1 c5 25. Ke2 c4 26. a3 Kf7
27. g4 g6 28. f4 f5 29. Kf3 Ke6 30. g5 c3 31. bxc3 Nb6 32. Be3 Nc4 33. Bc5 Kd5
34. Bf8 Nb6 35. Bb4 Kc4 36. Ba5 Nd5 37. h4 Nxc3 38. Ke3 Nd5+ 39. Kf3 b4 40.
axb4 Nxb4 41. Bxb4 Kxb4 42. Ke2 Kc3 43. Kd1 a5 44. Kc1 a4 45. Kb1 a3 46. Ka2
Kxc2 47. Kxa3 Kd3 48. Kb4 Ke4 49. Kc4 Kxf4 50. Kd4 Kg4 0-1

[Event "70grN-25"]
[Site "Hotell Maritim Skjervøy"]
[Date "2025.10.25"]
[Round "3"]
[White "Machlik, Monika"]
[Black "Mikalsen, Bengt A."]
[Result "1/2-1/2"]
[WhiteElo "2100"]
[BlackElo "1823"]
[PlyCount "124"]
[EventDate "2025.??.??"]

1. d4 d5 2. c4 e5 3. dxe5 d4 4. Nf3 Nc6 5. a3 Bg4 6. Nbd2 a5 7. h3 Bh5 8. g3
Bc5 9. Bg2 Qd7 10. O-O Nge7 11. Ne1 Nxe5 12. g4 Bg6 13. Nb3 Ba7 14. Nxa5 N5c6
15. Nxc6 Nxc6 16. Nd3 h5 17. g5 Bf5 18. Kh2 O-O-O 19. Bf4 Bxd3 20. Qxd3 Bc5 21.
Be4 g6 22. Rad1 Bd6 23. Bxd6 Qxd6+ 24. Qg3 Ne5 25. c5 Qxc5 26. Rc1 Qd6 27. Kg1
h4 28. Qb3 c6 29. Qa4 Kb8 30. f4 Nd7 31. Bxc6 Nc5 32. Qb5 Qxc6 33. Qxc6 bxc6
34. Rxc5 Kb7 35. Rfc1 Rd6 36. Re5 Rhd8 37. Re7+ R6d7 38. Rxd7+ Rxd7 39. Rd1 c5
40. e3 Kc6 41. exd4 cxd4 42. Kf2 Kd5 43. Kf3 Rc7 44. Rd2 Rc1 45. a4 Rh1 46. a5
Ra1 47. b4 Ra3+ 48. Kg4 Kc4 49. Kxh4 Kc3 50. Rd1 d3 51. f5 Kc2 52. Rf1 Ra4 53.
fxg6 fxg6 54. Kg3 d2 55. h4 d1=Q 56. Rxd1 Kxd1 57. h5 gxh5 58. Kh4 Rxb4+ 59.
Kxh5 Ra4 60. g6 Rxa5+ 61. Kh6 Ke2 62. g7 Ra1 1/2-1/2

[Event "70grN-25"]
[Site "Hotell Maritim Skjervøy"]
[Date "2025.10.25"]
[Round "3"]
[White "Andersen, Daniel H"]
[Black "Røyset, Pål N."]
[Result "0-1"]
[WhiteElo "1683"]
[BlackElo "2094"]
[PlyCount "52"]
[EventDate "2025.??.??"]

1. e4 c5 2. c3 e6 3. d4 d5 4. exd5 exd5 5. Bb5+ Nc6 6. Nf3 Bd6 7. dxc5 Bxc5 8.
O-O Nge7 9. Nbd2 O-O 10. Nb3 Bd6 11. Be3 Bg4 12. h3 Bh5 13. g4 Bg6 14. Bd3 Bc7
15. Bxg6 Nxg6 16. Nbd4 Re8 17. Nf5 Nf4 18. Qd2 Re4 19. h4 Qd7 20. Ng5 Nh3+ 21.
Nxh3 Rxg4+ 22. Ng3 Bxg3 23. fxg3 Rxg3+ 24. Kf2 Qxh3 25. Rg1 Qh2+ 26. Kf1 Rxg1+
0-1

[Event "70grN-25"]
[Site "Hotell Maritim Skjervøy"]
[Date "2025.10.25"]
[Round "3"]
[White "Homer, Stephen J"]
[Black "Paranichev, Miron"]
[Result "1-0"]
[WhiteElo "2005"]
[BlackElo "1818"]
[PlyCount "45"]
[EventDate "2025.??.??"]

1. e4 c6 2. d4 d5 3. e5 c5 4. c3 Nc6 5. Ne2 Bg4 6. Be3 e6 7. dxc5 Bxe2 8. Bxe2
Nxe5 9. Bb5+ Nd7 10. c6 bxc6 11. Bxc6 Rc8 12. Qa4 a5 13. Bb6 Qxb6 14. Bxd7+ Ke7
15. Bxc8 Qxb2 16. O-O Qxa1 17. Qa3+ Ke8 18. Bd7+ Kxd7 19. Qxf8 h5 20. Qxg7 Rh6
21. Qxg8 Rf6 22. Qg5 Rf5 23. Qd2 1-0

[Event "70grN-25"]
[Site "Hotell Maritim Skjervøy"]
[Date "2025.10.25"]
[Round "3"]
[White "Remman, Frank"]
[Black "Hrafnkelsson, Thorir"]
[Result "1-0"]
[WhiteElo "1852"]
[BlackElo "1783"]
[PlyCount "27"]
[EventDate "2025.??.??"]

1. d4 Nf6 2. Nf3 e6 3. c4 d5 4. g3 Bb4+ 5. Bd2 Bxd2+ 6. Nbxd2 O-O 7. Bg2 c6 8.
O-O Nbd7 9. Qc2 Re8 10. Rfd1 e5 11. cxd5 Nxd5 12. dxe5 Nxe5 13. Nxe5 Rxe5 14.
Nc4 1-0

[Event "70grN-25"]
[Site "Hotell Maritim Skjervøy"]
[Date "2025.10.25"]
[Round "3"]
[White "Wilhelmsen, Jim L."]
[Black "Strøm, Henrik M."]
[Result "1-0"]
[WhiteElo "1820"]
[BlackElo "1737"]
[PlyCount "65"]
[EventDate "2025.??.??"]

1. d4 d5 2. Nf3 Nf6 3. Bf4 c5 4. e3 Qb6 5. dxc5 Qxc5 6. Nbd2 Bf5 7. Nd4 Bg4 8.
f3 Bd7 9. a3 Nc6 10. b4 Qb6 11. Nxc6 Bxc6 12. c4 e6 13. c5 Qd8 14. Nb3 Nh5 15.
Nd4 Nxf4 16. exf4 Be7 17. Be2 Bh4+ 18. g3 Bf6 19. O-O Qd7 20. b5 Bxd4+ 21. Qxd4
Bxb5 22. Bxb5 Qxb5 23. Rab1 Qc6 24. Qxg7 Qxc5+ 25. Kh1 Qf8 26. Qe5 Rc8 27. Rxb7
Rg8 28. Re1 Qxa3 29. Qxd5 Rd8 30. Rxe6+ Kf8 31. Qxd8+ Kg7 32. Qg5+ Kh8 33. Qf6+
1-0

[Event "70grN-25"]
[Site "Hotell Maritim Skjervøy"]
[Date "2025.10.25"]
[Round "3"]
[White "Wilhelmsen, Vegard"]
[Black "Jørgensen, Peder"]
[Result "1-0"]
[WhiteElo "1795"]
[BlackElo "1698"]
[PlyCount "115"]
[EventDate "2025.??.??"]

1. d4 d5 2. Nf3 Nf6 3. Bf4 Bf5 4. e3 e6 5. Bd3 Bxd3 6. cxd3 Bb4+ 7. Nbd2 Nbd7
8. O-O O-O 9. h3 b6 10. Rc1 c5 11. a3 Bxd2 12. Qxd2 Rc8 13. b4 Qe7 14. Qb2 Rfe8
15. Ne5 Nxe5 16. Bxe5 Nd7 17. Bg3 f6 18. bxc5 bxc5 19. Qb7 a5 20. dxc5 Rxc5 21.
Rxc5 Nxc5 22. Qxe7 Rxe7 23. Bd6 Nxd3 24. Bxe7 Ne5 25. Rc1 Kf7 26. Bd8 Nc4 27.
Rxc4 dxc4 28. Bxa5 e5 29. Kf1 Ke6 30. Ke2 Kd5 31. Bb4 Kc6 32. Kd2 Kb5 33. Kc3
g6 34. g4 f5 35. gxf5 gxf5 36. f4 e4 37. a4+ Kxa4 38. Kxc4 h5 39. Bc5 Ka5 40.
Kd5 Kb5 41. Bd4 h4 42. Ke5 Kc4 43. Kxf5 Kd3 44. Ke5 Ke2 45. Kxe4 Kf2 46. f5 Kg3
47. Bf6 Kxh3 48. Bxh4 Kxh4 49. Ke5 Kg5 50. f6 Kg6 51. Ke6 Kh7 52. f7 Kg7 53.
Ke7 Kh7 54. f8=Q Kg6 55. Qf4 Kh7 56. Qg3 Kh8 57. Kf7 Kh7 58. Qg7# 1-0

[Event "70grN-25"]
[Site "Hotell Maritim Skjervøy"]
[Date "2025.10.25"]
[Round "4"]
[White "Hansen, Torbjørn R."]
[Black "Røyset, Pål N."]
[Result "1/2-1/2"]
[WhiteElo "2411"]
[BlackElo "2094"]
[PlyCount "51"]
[EventDate "2025.??.??"]

1. Nf3 d5 2. g3 c5 3. Bg2 Nc6 4. d4 cxd4 5. Nxd4 Nf6 6. O-O e6 7. c4 Bc5 8.
Nxc6 bxc6 9. Qc2 Bb6 10. Nc3 O-O 11. Na4 Ba6 12. b3 Qe7 13. Nxb6 axb6 14. a4
Bb7 15. b4 dxc4 16. Qxc4 Rxa4 17. Rxa4 b5 18. Qc2 bxa4 19. Qxa4 Ra8 20. Qb3 c5
21. bxc5 Bxg2 22. Kxg2 Qxc5 23. Bb2 Qd5+ 24. Qxd5 Nxd5 25. Ra1 Rxa1 26. Bxa1
1/2-1/2

[Event "70grN-25"]
[Site "Hotell Maritim Skjervøy"]
[Date "2025.10.25"]
[Round "4"]
[White "Remman, Frank"]
[Black "Machlik, Monika"]
[Result "0-1"]
[WhiteElo "1852"]
[BlackElo "2100"]
[PlyCount "72"]
[EventDate "2025.??.??"]

1. d4 Nf6 2. Nf3 e6 3. g3 b5 4. Bg2 Bb7 5. O-O c5 6. Nbd2 cxd4 7. Nb3 Be7 8.
Nbxd4 a6 9. a4 b4 10. a5 O-O 11. Bd2 Nc6 12. Nb3 d5 13. Bf4 Nd7 14. g4 Nc5 15.
Nfd2 Nxb3 16. Nxb3 Bf6 17. Ra2 Qe7 18. Be3 d4 19. Bxc6 dxe3 20. Bxb7 exf2+ 21.
Rxf2 Qxb7 22. e3 Rad8 23. Qe2 Rd6 24. Nc5 Qd5 25. Nb3 Rfd8 26. Rf4 Bg5 27. Rxb4
Qe5 28. Raa4 Bxe3+ 29. Kg2 f5 30. Kf3 fxg4+ 31. Rxg4 Rf8+ 32. Kg2 Rf2+ 33. Qxf2
Bxf2 34. Kxf2 Qf5+ 35. Kg3 Qxc2 36. Rab4 Rd3+ 0-1

[Event "70grN-25"]
[Site "Hotell Maritim Skjervøy"]
[Date "2025.10.25"]
[Round "4"]
[White "Mikalsen, Bengt A."]
[Black "Homer, Stephen J"]
[Result "0-1"]
[WhiteElo "1823"]
[BlackElo "2005"]
[PlyCount "80"]
[EventDate "2025.??.??"]

1. b3 Nf6 2. Bb2 g6 3. Nf3 Bg7 4. e3 O-O 5. Be2 d6 6. O-O e5 7. d3 Nc6 8. c4
Nd7 9. Nfd2 f5 10. f4 g5 11. Nc3 exf4 12. exf4 g4 13. d4 Bxd4+ 14. Kh1 Nf6 15.
a3 Nh5 16. g3 Nxg3+ 17. hxg3 Qf6 18. Kg2 Bxc3 19. Bxc3 Qxc3 20. Rf2 Nd4 21. Nf1
c5 22. Rc1 Qxb3 23. Qd2 Qxa3 24. Rc3 Qa5 25. Ne3 Bd7 26. Bd1 Bc6+ 27. Kg1 Rae8
28. Nd5 Bxd5 29. cxd5 Nb5 30. Rb3 Re1+ 31. Kg2 Qxd2 32. Rxd2 a6 33. Kf2 Rfe8
34. Rbb2 Rh1 35. Kg2 Ree1 36. Ba4 Nc3 37. Bd7 Reg1+ 38. Kf2 Ne4+ 39. Ke3 Rxg3+
40. Ke2 Rh2+ 0-1

[Event "70grN-25"]
[Site "Hotell Maritim Skjervøy"]
[Date "2025.10.25"]
[Round "4"]
[White "Wilhelmsen, Vegard"]
[Black "August Solbu"]
[Result "0-1"]
[WhiteElo "1795"]
[BlackElo "1917"]
[PlyCount "109"]
[EventDate "2025.??.??"]

1. d4 d5 2. Nf3 Nf6 3. Bf4 c5 4. e3 Nc6 5. Nbd2 Qb6 6. dxc5 Qxb2 7. Rb1 Qc3 8.
Bb5 e6 9. Ne5 Bd7 10. Nxd7 Nxd7 11. Rb3 Qf6 12. Qb1 e5 13. Bg3 Nxc5 14. Rb2 Bd6
15. c4 d4 16. exd4 exd4 17. Ne4 Nxe4 18. Qxe4+ Kf8 19. Bxd6+ Qxd6 20. Bxc6 bxc6
21. O-O Re8 22. c5 Qxc5 23. Rc2 Rxe4 24. Rxc5 Re6 25. Rc4 Rd6 26. Rd1 Ke7 27.
Kf1 Rhd8 28. Ke2 R8d7 29. Kd3 Kd8 30. f4 f5 31. Ra4 Rh6 32. h3 Rg6 33. Rd2 Rg3+
34. Kc4 Rc3+ 35. Kb4 Rb7+ 36. Ka5 c5 37. Ka6 Kc8 38. Re2 Rd7 39. Kb5 d3 40. Rd2
Kb7 41. g4 fxg4 42. hxg4 Re7 43. Rh2 h6 44. g5 Re6 45. gxh6 Rb6+ 46. Ka5 gxh6
47. Rg2 Ra6+ 48. Kb5 Rxa4 49. Kxa4 Rc2 50. Rg7+ Kc6 51. Rg6+ Kd5 52. f5 d2 53.
Rg8 Ke5 54. Rd8 Rc4+ 55. Kb3 0-1

[Event "70grN-25"]
[Site "Hotell Maritim Skjervøy"]
[Date "2025.10.25"]
[Round "4"]
[White "Jørgensen, Peder"]
[Black "Jim Levi Wilhelmsen"]
[Result "1-0"]
[WhiteElo "1698"]
[BlackElo "1820"]
[PlyCount "137"]
[EventDate "2025.??.??"]

1. e4 e6 2. d4 d5 3. e5 c5 4. c3 Qb6 5. Nf3 Bd7 6. a4 Nc6 7. Bb5 cxd4 8. Bxc6
Bxc6 9. cxd4 Qa6 10. Bd2 Nh6 11. Bxh6 gxh6 12. Nc3 Qc4 13. Qe2 Rg8 14. O-O Qxe2
15. Nxe2 Be7 16. Rfc1 Kd7 17. b3 f6 18. Nf4 Rg4 19. Nd3 Rag8 20. g3 f5 21. b4
a6 22. Kf1 Ke8 23. h3 R4g7 24. Nf4 Kf7 25. Rcb1 Rc8 26. Nd3 b6 27. Rc1 Rgg8 28.
Ke2 Bd7 29. a5 bxa5 30. bxa5 Bb5 31. Ke3 Rge8 32. h4 Rb8 33. Nd2 Rec8 34. Rab1
Ba3 35. Rxc8 Rxc8 36. Rb3 Bc1 37. Nc5 Ke7 38. Rc3 Bxd2+ 39. Kxd2 f4 40. gxf4
Bc4 41. Rg3 Kf7 42. f5 exf5 43. Rf3 Rb8 44. Rxf5+ Ke7 45. e6 Rb2+ 46. Kc3 Ra2
47. Rf7+ Ke8 48. f4 Ra3+ 49. Kb4 Ra1 50. Nb7 Bb5 51. Nd6+ Kd8 52. Nxb5 Rb1+ 53.
Kc5 Rxb5+ 54. Kd6 Ke8 55. Ra7 Rb8 56. Rxa6 Rd8+ 57. Ke5 Ke7 58. h5 Ra8 59. Rd6
Rxa5 60. f5 Ra1 61. Rd7+ Kf8 62. Kf6 Ke8 63. Re7+ Kd8 64. Rxh7 Ra6 65. Ke5 Ra1
66. f6 Re1+ 67. Kd6 Kc8 68. Rh8+ Kb7 69. e7 1-0

[Event "70grN-25"]
[Site "Hotell Maritim Skjervøy"]
[Date "2025.10.25"]
[Round "4"]
[White "Paranichev, Miron"]
[Black "Andersen, Daniel H."]
[Result "1-0"]
[WhiteElo "1818"]
[BlackElo "1683"]
[PlyCount "117"]
[EventDate "2025.??.??"]

1. e4 c5 2. Nf3 Nc6 3. c3 d5 4. exd5 Qxd5 5. d4 cxd4 6. cxd4 e5 7. Nc3 Bb4 8.
Bd2 Bxc3 9. Bxc3 e4 10. Ne5 Nxe5 11. dxe5 Ne7 12. Qa4+ Bd7 13. Qb4 Nc6 14. Qxb7
Rb8 15. Qc7 Rc8 16. Qd6 Qxd6 17. exd6 O-O 18. Bc4 Rfe8 19. Bb3 Ne5 20. Bxe5
Rxe5 21. O-O Kf8 22. Rfd1 a5 23. Rd4 f5 24. Rad1 g6 25. Kf1 Rec5 26. Rd5 a4 27.
Rxc5 Rxc5 28. Bxa4 Bxa4 29. d7 Bxd7 30. Rxd7 Rc1+ 31. Ke2 Rc2+ 32. Rd2 Rc1 33.
g3 Ke7 34. Ke3 Kf6 35. Kd4 Ke6 36. b4 g5 37. a4 Kd6 38. g4 fxg4 39. Kxe4+ Kc6
40. Kf5 Rh1 41. Kxg5 Rxh2 42. Kxg4 h5+ 43. Kg3 Rh1 44. Rd4 Rg1+ 45. Kh3 Rg5 46.
Kh4 Rf5 47. f4 Kc7 48. Kg3 Rf7 49. Rd5 Rg7+ 50. Rg5 Rd7 51. Rxh5 Rd3+ 52. Kg4
Ra3 53. a5 Kc6 54. a6 Ra1 55. Ra5 Rg1+ 56. Kf5 Rg8 57. a7 Ra8 58. Kg6 Kb6 59.
f5 1-0

[Event "70grN-25"]
[Site "Hotell Maritim Skjervøy"]
[Date "2025.10.25"]
[Round "4"]
[White "Strøm, Henrik M."]
[Black "Hrafnkelsson, Thorir"]
[Result "1-0"]
[WhiteElo "1737"]
[BlackElo "1783"]
[PlyCount "33"]
[EventDate "2025.??.??"]

1. d4 Nf6 2. Bf4 d5 3. e3 e6 4. Nd2 c5 5. c3 Nc6 6. Ngf3 Bd6 7. Bg3 O-O 8. Bd3
Re8 9. Ne5 Qc7 10. Ndf3 Ne4 11. Nxc6 bxc6 12. Bxe4 dxe4 13. Ng5 f5 14. Bxd6
Qxd6 15. Qh5 Ba6 16. Qf7+ Kh8 17. Qxe8+ 1-0

[Event "70grN-25"]
[Site "Hotell Maritim Skjervøy"]
[Date "2025.10.26"]
[Round "5"]
[White "Machlik, Monika"]
[Black "Hansen, Torbjørn R."]
[Result "0-1"]
[WhiteElo "2100"]
[BlackElo "2411"]
[PlyCount "76"]
[EventDate "2025.??.??"]

1. d4 Nf6 2. c4 e6 3. Nc3 Bb4 4. Qc2 d5 5. a3 Bxc3+ 6. Qxc3 c5 7. dxc5 d4 8.
Qg3 Nc6 9. b4 e5 10. Nf3 e4 11. Ne5 O-O 12. Bb2 Na5 13. Qf4 Nb3 14. Rd1 a5 15.
e3 axb4 16. axb4 Nxc5 17. exd4 Na4 18. Ba1 b5 19. c5 Be6 20. Be2 Nd5 21. Qd2 f6
22. Ng4 f5 23. Ne5 f4 24. Bxb5 e3 25. Qc2 exf2+ 26. Kxf2 Ne3 27. Qd3 Qh4+ 28.
Kg1 Nxc5 29. bxc5 Ra2 30. Qf1 Nxf1 31. Rxf1 Bd5 32. Nf3 Rxg2+ 33. Kxg2 Qg4+ 34.
Kf2 Qxf3+ 35. Ke1 Re8+ 36. Kd2 Qe3+ 37. Kc2 Be4+ 38. Kb2 Rb8 0-1

[Event "70grN-25"]
[Site "Hotell Maritim Skjervøy"]
[Date "2025.10.25"]
[Round "5"]
[White "Røyset, Pål N."]
[Black "Homer, Stephen J"]
[Result "1/2-1/2"]
[WhiteElo "2094"]
[BlackElo "2005"]
[PlyCount "70"]
[EventDate "2025.??.??"]

1. e4 c5 2. c3 Nf6 3. e5 Nd5 4. d4 d6 5. exd6 exd6 6. Nf3 Be7 7. c4 Nf6 8. Nc3
O-O 9. d5 Re8 10. Be2 Bf8 11. Bg5 h6 12. Bh4 Bf5 13. O-O Nbd7 14. Nd2 Ne5 15.
f4 Ng6 16. Be1 Qd7 17. Nb3 Be7 18. Bd2 h5 19. Re1 h4 20. Bf1 h3 21. g3 Bg4 22.
Qc2 Nh5 23. Bd3 Nh4 24. gxh4 Bxh4 25. Rxe8+ Rxe8 26. Rf1 f5 27. Ne4 Rxe4 28.
Bxe4 Qf7 29. Be3 fxe4 30. f5 Bxf5 31. Kh1 Qg6 32. Rg1 Bg4 33. Nd2 Nf6 34. Qb1
Qf5 35. Rf1 Qg6 1/2-1/2

[Event "70grN-25"]
[Site "Hotell Maritim Skjervøy"]
[Date "2025.10.26"]
[Round "5"]
[White "Solbu, August"]
[Black "Mikalsen, Bengt A."]
[Result "1-0"]
[WhiteElo "1917"]
[BlackElo "1823"]
[PlyCount "119"]
[EventDate "2025.??.??"]

1. e4 c6 2. d4 d5 3. exd5 cxd5 4. Bd3 Nc6 5. c3 Nf6 6. Bf4 Bg4 7. Qb3 Qc8 8.
Nd2 e6 9. Ngf3 Be7 10. O-O O-O 11. Rae1 Nd7 12. Qc2 g6 13. Re3 Bf6 14. Rfe1 a6
15. a4 b6 16. b4 Bf5 17. Bxf5 gxf5 18. Bh6 Bg7 19. Bxg7 Kxg7 20. Qd3 Qd8 21.
Ne5 Ndxe5 22. dxe5 Rg8 23. Rh3 Kh8 24. f4 Rg4 25. Qf3 b5 26. a5 Qe7 27. Nf1
Rag8 28. Ne3 Rh4 29. Rg3 Rh6 30. Nf1 Qa7+ 31. Kh1 Ne7 32. Rd1 Qc7 33. Nd2 Rxg3
34. Qxg3 Rg6 35. Qe3 Nc8 36. Nf3 h6 37. Kg1 Qc4 38. Nd2 Qc6 39. g3 Rg8 40. h3
Rd8 41. Nb3 Rd7 42. Kh2 Qc4 43. Nc5 Rc7 44. Qd2 Rc6 45. Qc2 Rxc5 46. bxc5 Qxc5
47. Qd2 Qa3 48. g4 Ne7 49. Rg1 Qxa5 50. Qd4 Qa2+ 51. Rg2 Qc4 52. Qe3 Qc7 53.
Qg3 Qc8 54. Qh4 Qf8 55. Qf6+ Kh7 56. g5 Ng6 57. gxh6 Qxh6 58. Qxf7+ Qg7 59.
Qxe6 a5 60. Qxf5 1-0

[Event "70grN-25"]
[Site "Hotell Maritim Skjervøy"]
[Date "2025.10.26"]
[Round "5"]
[White "Andersen, Daniel H."]
[Black "Remman, Frank"]
[Result "0-1"]
[WhiteElo "1683"]
[BlackElo "1852"]
[PlyCount "88"]
[EventDate "2025.??.??"]

1. e4 c5 2. c3 Nf6 3. e5 Nd5 4. Nf3 e6 5. d4 cxd4 6. cxd4 d6 7. Bc4 Be7 8. O-O
Nc6 9. Qe2 Nb6 10. Bd3 Nb4 11. Be4 d5 12. Bd3 Nxd3 13. Qxd3 Bd7 14. Nc3 a6 15.
Be3 Nc4 16. b3 Nxe3 17. Qxe3 O-O 18. Nd2 Rc8 19. a4 Qa5 20. Ne2 Rc2 21. Nf3
Rfc8 22. Rac1 b5 23. Rxc2 Rxc2 24. Qd3 Rc8 25. axb5 Bxb5 26. Qe3 Rc2 27. Rc1
Rxe2 28. Qf4 Bd7 29. h4 Re4 30. Qg3 h5 31. Ng5 Rg4 32. Qd3 Bxg5 33. hxg5 Rxg5
34. b4 Qb6 35. Qd2 Rg4 36. Rc5 Qd8 37. f3 Qg5 38. Qf2 Rg3 39. Rc3 Qf4 40. Rc7
Bb5 41. Rc8+ Kh7 42. Qc2+ g6 43. Qc7 Qxf3 44. Qc2 Be2 0-1

[Event "70grN-25"]
[Site "Hotell Maritim Skjervøy"]
[Date "2025.10.26"]
[Round "5"]
[White "Hrafnkelsson, Thorir"]
[Black "Wilhelmsen, Jim L."]
[Result "1-0"]
[WhiteElo "1783"]
[BlackElo "1820"]
[PlyCount "102"]
[EventDate "2025.??.??"]

1. d4 e6 2. e4 d5 3. exd5 exd5 4. Bd3 Bd6 5. Nf3 Ne7 6. O-O O-O 7. Bg5 f6 8.
Bh4 Nf5 9. Bg3 Nxg3 10. hxg3 Be6 11. c3 Bf7 12. Qc2 g6 13. Nbd2 Nd7 14. Rae1 c6
15. b3 Qc7 16. Nh4 b6 17. Ndf3 Kg7 18. Nh2 Rae8 19. Qd2 Be6 20. Re2 Rf7 21.
Rfe1 Rfe7 22. Nf1 Nf8 23. Ne3 Qd7 24. Qd1 c5 25. a4 cxd4 26. Bb5 Qc7 27. Bxe8
dxe3 28. Bb5 exf2+ 29. Kxf2 Bxg3+ 30. Kg1 Bxe1 31. Qxe1 Qc5+ 32. Kh1 Kf7 33. b4
Qd6 34. Qd2 g5 35. Nf3 Ng6 36. Rf2 h5 37. Nxg5+ Kg7 38. Ne4 Qe5 39. Nxf6 Rf7
40. Ne8+ Kg8 41. Qe2 Qxe2 42. Rxe2 Rf1+ 43. Kh2 Bf7 44. Nd6 Rf4 45. Nc8 d4 46.
cxd4 Rxd4 47. Rb2 a5 48. Nxb6 axb4 49. a5 Nf4 50. a6 Ne6 51. a7 Nc7 1-0

[Event "70grN-25"]
[Site "Hotell Maritim Skjervøy"]
[Date "2025.10.26"]
[Round "5"]
[White "Paranichev, Miron"]
[Black "Wilhelmsen, Vegard"]
[Result "1-0"]
[WhiteElo "1818"]
[BlackElo "1795"]
[PlyCount "55"]
[EventDate "2025.??.??"]

1. e4 e6 2. Nf3 d5 3. e5 c5 4. b4 c4 5. c3 a6 6. d3 Qc7 7. dxc4 dxc4 8. a4 Bd7
9. Na3 Nh6 10. Bxh6 gxh6 11. Nxc4 Bc6 12. Nd6+ Ke7 13. Qd4 Nd7 14. Qf4 Nxe5 15.
Qxe5 Qxd6 16. Qxh8 Bxf3 17. gxf3 Rd8 18. Qd4 Bg7 19. Qxd6+ Rxd6 20. Rc1 Rc6 21.
c4 b5 22. axb5 axb5 23. c5 Bb2 24. Bxb5 Rc7 25. Rc4 Rb7 26. Bc6 Rc7 27. b5 Ra7
28. O-O 1-0

[Event "70grN-25"]
[Site "Hotell Maritim Skjervøy"]
[Date "2025.10.26"]
[Round "5"]
[White "Strøm, Henrik M."]
[Black "Jørgensen, Peder"]
[Result "1-0"]
[WhiteElo "1737"]
[BlackElo "1698"]
[PlyCount "87"]
[EventDate "2025.??.??"]

1. d4 d5 2. Bf4 Nf6 3. e3 e6 4. Nd2 Bd6 5. Bg3 O-O 6. Ngf3 Nbd7 7. Bd3 Re8 8.
Ne5 Bxe5 9. dxe5 Ne4 10. Nxe4 dxe4 11. Bxe4 c6 12. Qh5 g6 13. Qe2 Qa5+ 14. Qd2
Qxd2+ 15. Kxd2 Nc5 16. Bd3 Rd8 17. Ke2 b6 18. h4 Ba6 19. Bxa6 Nxa6 20. h5 g5
21. h6 Nc5 22. f3 g4 23. Rh5 gxf3+ 24. gxf3 Rd5 25. Bh4 Nd7 26. Rg1+ Kf8 27.
Rhg5 Ke8 28. Rg8+ Nf8 29. Rh8 Rad8 30. Bxd8 Rxd8 31. Rgg8 Ke7 32. f4 c5 33. e4
c4 34. c3 b5 35. f5 exf5 36. exf5 Rd5 37. Rxf8 Rxe5+ 38. Kf3 Rxf5+ 39. Kg4 Rf2
40. Ra8 Rxb2 41. Rxa7+ Kf6 42. Rxh7 Kg6 43. Rhxf7 Kxh6 44. Ra6# 1-0

[Event "70grN-25"]
[Site "Hotell Maritim Skjervøy"]
[Date "2025.10.26"]
[Round "6"]
[White "Hansen, Torbjørn R."]
[Black "Paranichev, Miron"]
[Result "1/2-1/2"]
[WhiteElo "2411"]
[BlackElo "1818"]
[PlyCount "130"]
[EventDate "2025.??.??"]

1. c4 e6 2. Nf3 d5 3. g3 a6 4. b3 b5 5. cxd5 exd5 6. Bg2 c5 7. O-O d4 8. Bb2
Bb7 9. e3 dxe3 10. Re1 Nf6 11. Rxe3+ Be7 12. Bxf6 gxf6 13. Nc3 Nd7 14. Qc2 Nf8
15. Rae1 Ne6 16. Ng5 fxg5 17. Bxb7 Ra7 18. Bg2 O-O 19. Nd5 Bf6 20. Qf5 Bg7 21.
Be4 Re8 22. Qxh7+ Kf8 23. Bg2 Rd7 24. Qf5 Nc7 25. Rxe8+ Nxe8 26. Ne3 Rxd2 27.
Qxc5+ Kg8 28. Nf5 Bf8 29. Qc6 Nd6 30. Nxd6 Qxd6 31. Qxd6 Bxd6 32. Re8+ Kg7 33.
Rd8 Bb4 34. Rxd2 Bxd2 35. Bf1 Kf6 36. Kg2 Ke5 37. Kf3 f5 38. h4 gxh4 39. gxh4
Kf6 40. Bd3 Kg6 41. Ke2 Bc1 42. Kd1 Ba3 43. Kd2 Kh5 44. Bxf5 Kxh4 45. Kc3 b4+
46. Kc4 Kg5 47. Bc8 Kf4 48. Bb7 Ke5 49. Bxa6 Kf4 50. Bb7 Ke5 51. Kd3 Kf4 52.
Bc6 Ke5 53. Ke3 Bc1+ 54. Kf3 Kf5 55. Bd5 Ke5 56. Bg8 Kf5 57. a4 bxa3 58. b4 Ke5
59. Ke2 Kd4 60. Kd1 Bh6 61. Kc2 Bf8 62. Kb3 a2 63. Kxa2 Bxb4 64. f4 Ke4 65.
Bh7+ Kxf4 1/2-1/2

[Event "70grN-25"]
[Site "Hotell Maritim Skjervøy"]
[Date "2025.10.26"]
[Round "6"]
[White "Wilhelmsen, Vegard"]
[Black "Machlik, Monika"]
[Result "0-1"]
[WhiteElo "1795"]
[BlackElo "2100"]
[PlyCount "70"]
[EventDate "2025.??.??"]

1. d4 Nf6 2. Bf4 e6 3. e3 c5 4. Nd2 Nc6 5. Ngf3 d5 6. c3 Nh5 7. Bg5 Qb6 8. Qb3
h6 9. Bh4 g5 10. g4 Qxb3 11. axb3 Nf6 12. Bg3 cxd4 13. exd4 Nxg4 14. h4 Rg8 15.
hxg5 hxg5 16. Rh5 f6 17. O-O-O Ne7 18. Re1 Nf5 19. Bh3 Ngh6 20. Nh2 Kf7 21. Ng4
Nxg4 22. Bxg4 Nxg3 23. fxg3 f5 24. Rf1 Bd6 25. Rh7+ Rg7 26. Bh5+ Kg8 27. Rh6
Bxg3 28. Rh1 Kf8 29. Nf3 g4 30. Rh8+ Ke7 31. Ne1 b6 32. Nd3 Bb7 33. Rh6 Ba6 34.
Rg1 Bh4 35. Ne5 Bg5+ 0-1

[Event "70grN-25"]
[Site "Hotell Maritim Skjervøy"]
[Date "2025.10.26"]
[Round "6"]
[White "Røyset, Pål n."]
[Black "Solbu, August"]
[Result "1-0"]
[WhiteElo "2094"]
[BlackElo "1917"]
[PlyCount "35"]
[EventDate "2025.??.??"]

1. e4 c5 2. Nc3 g6 3. f4 Bg7 4. Nf3 Nc6 5. Bb5 Nd4 6. a4 Nxb5 7. axb5 d6 8. O-O
e6 9. d4 cxd4 10. Nxd4 Ne7 11. Be3 O-O 12. b6 Qxb6 13. Nf5 Qxb2 14. Nxe7+ Kh8
15. Bd4 Bd7 16. Bxg7+ Kxg7 17. Qd4+ f6 18. Rfb1 1-0

[Event "70grN-25"]
[Site "Hotell Maritim Skjervøy"]
[Date "2025.10.26"]
[Round "6"]
[White "Mikalsen, Bengt A."]
[Black "Strøm, Henrik M."]
[Result "1-0"]
[WhiteElo "1823"]
[BlackElo "1737"]
[PlyCount "65"]
[EventDate "2025.??.??"]

1. d4 d5 2. c4 e6 3. Nf3 Nf6 4. g3 Be7 5. Bg2 Nbd7 6. O-O O-O 7. Qc2 b6 8. Rd1
Bb7 9. cxd5 Bxd5 10. Nc3 Bxf3 11. Bxf3 Rb8 12. Nb5 a6 13. Na7 Nd5 14. Bxd5 exd5
15. Nc6 Qe8 16. Nxb8 Qxb8 17. Qc6 Nf6 18. Bf4 Bd6 19. Bxd6 cxd6 20. Rac1 Re8
21. Rc2 h6 22. Rdd2 Qd8 23. Qc7 Qxc7 24. Rxc7 Rb8 25. Rdc2 Kf8 26. Rc8+ Rxc8
27. Rxc8+ Ke7 28. Rc7+ Ke8 29. Rc6 Nd7 30. Rxd6 Ke7 31. Rxd5 Ke6 32. Rxd7 Kxd7
33. e4 1-0

[Event "70grN-25"]
[Site "Hotell Maritim Skjervøy"]
[Date "2025.10.26"]
[Round "6"]
[White "Wilhelmsen, Jim L."]
[Black "Andersen, Daniel H."]
[Result "1/2-1/2"]
[WhiteElo "1820"]
[BlackElo "1683"]
[PlyCount "58"]
[EventDate "2025.??.??"]

1. d4 Nf6 2. Bf4 d5 3. Nf3 c5 4. e3 Nc6 5. Nbd2 Bg4 6. c3 cxd4 7. exd4 e6 8.
Qb3 Qb6 9. Qxb6 axb6 10. Bb5 O-O-O 11. h3 Bh5 12. g4 Bg6 13. Ne5 Nxe5 14. Bxe5
Bd6 15. Bxd6 Rxd6 16. O-O-O Ne4 17. Nxe4 Bxe4 18. Rhg1 g5 19. f3 Bg6 20. h4
gxh4 21. Rh1 h5 22. Rxh4 Rdd8 23. Rdh1 Rh7 24. Kd2 Rdh8 25. Bd3 Kd7 26. gxh5
Rxh5 27. Rxh5 Rxh5 28. Rxh5 Bxh5 29. f4 Kd6 1/2-1/2

[Event "70grN-25"]
[Site "Hotell Maritim Skjervøy"]
[Date "2025.10.26"]
[Round "6"]
[White "Jørgensen, Peder"]
[Black "Hrafnkelsson, Thorir"]
[Result "1/2-1/2"]
[WhiteElo "1698"]
[BlackElo "1783"]
[PlyCount "76"]
[EventDate "2025.??.??"]

1. e4 e5 2. Nf3 Nc6 3. Bc4 Nf6 4. Nc3 Bc5 5. d3 h6 6. h3 a6 7. a3 d6 8. Be3 Ba7
9. Bxa7 Rxa7 10. Nd5 Nxd5 11. Bxd5 Ne7 12. Ba2 Ng6 13. g3 Be6 14. Bb3 Qd7 15.
h4 Bxb3 16. cxb3 f5 17. Qe2 c5 18. exf5 Qxf5 19. Qe4 O-O 20. Qxf5 Rxf5 21. Nd2
d5 22. Rc1 b6 23. O-O Nf8 24. Rce1 Nd7 25. Re2 Rf6 26. Kg2 Ra8 27. Rfe1 Raf8
28. f3 a5 29. a4 h5 30. Rf1 g6 31. Rfe1 R8f7 32. Rf1 Kf8 33. Rfe1 Kg7 34. Rf1
Kh6 35. Rfe1 Rf5 36. Kh3 Rf8 37. Kg2 Kg7 38. Kh3 R5f6 1/2-1/2